000 00763nam0a22002531 4500
001 rc\213810
005 20250620234239.0
010 _a5-88182-005-3
_920000
035 _a(NLR Aleph) 005463016
090 _a4973683
_c4973683
100 _a20030307d1994 |||y0rusy50 ca
101 0 _arus
102 _aRU
105 _ay |||||||||
200 1 _aДеловой этикет
_eКак выжить и преуспеть в мире бизнеса
_e[Перевод]
210 _aМ.
_cДжон Уайли энд санз
_d1994
215 _a284, [1] с.
_d20
300 _aЧасть текста англ.
700 1 _aЯгер
_bД.
_gДжен
801 0 _aRU
_bNLR
_gpsbo
801 1 _aRU
_bELAR
_2rusmarc
852 _aNLR
_j95-3/2702
942 _cBOOK
980 _aNB